<?xml version="1.0" encoding="UTF-8"?>
<collection xmlns="http://www.loc.gov/MARC21/slim">
 <record>
  <leader>04936nam a22003017a 4500</leader>
  <controlfield tag="001">kal6187</controlfield>
  <controlfield tag="003">Gr-AtHEAL</controlfield>
  <controlfield tag="005">20160515184509.0</controlfield>
  <controlfield tag="008">160515b        gr ||||| |||| 00| 0 eng|c</controlfield>
  <datafield tag="020" ind1=" " ind2=" ">
   <subfield code="a">9789606033254</subfield>
  </datafield>
  <datafield tag="040" ind1=" " ind2=" ">
   <subfield code="a">GR-AtHEAL</subfield>
   <subfield code="b">gre</subfield>
   <subfield code="c">GR-AtHEAL</subfield>
  </datafield>
  <datafield tag="082" ind1="0" ind2="4">
   <subfield code="a">493.1</subfield>
   <subfield code="2">23</subfield>
  </datafield>
  <datafield tag="100" ind1="1" ind2=" ">
   <subfield code="a">Κουσούλης, Παναγιώτης.</subfield>
   <subfield code="8">2935</subfield>
  </datafield>
  <datafield tag="245" ind1="1" ind2="0">
   <subfield code="a">Εισαγωγή στην αρχαία αιγυπτιακή γλώσσα και γραφή</subfield>
   <subfield code="h">[Ηλεκτρονικός πόρος] </subfield>
   <subfield code="c">Κουσούλης, Παναγιώτης ;  Κριτικός αναγνώστης, Σαρίσχουλη, Παναγιώτα.</subfield>
  </datafield>
  <datafield tag="260" ind1=" " ind2=" ">
   <subfield code="a">Αθήνα :</subfield>
   <subfield code="b">Σύνδεσμος Ελληνικών Ακαδημαϊκών Βιβλιοθηκών,</subfield>
   <subfield code="c">c2015.</subfield>
  </datafield>
  <datafield tag="490" ind1=" " ind2=" ">
   <subfield code="a">Ακαδημαϊκά Ηλεκτρονικά Συγγράμματα και Βοηθήματα Κάλλιπος</subfield>
   <subfield code="8">40</subfield>
  </datafield>
  <datafield tag="505" ind1=" " ind2=" ">
   <subfield code="a">1. Πρώιμα ιερογλυφικά και η γέννηση της γραφής στην αρχαία Νειλοχώρα 2. Ιερογλυφικά σημεία 3. Εισαγωγή στο όνομα και στην ονοματική δομή 4. Εισαγωγή στο ρήμα και στη ρηματική δομή 5. Η γλώσσα των νεκρών 6. Φαραωνική ονοματολογία</subfield>
  </datafield>
  <datafield tag="520" ind1=" " ind2=" ">
   <subfield code="a">Το προτεινόμενο βιβλίο αποτελεί μια εμπεριστατωμένη εισαγωγή στην αρχαία αιγυπτιακή γλώσσα και γραφή. Προτίθεται να καλύψει ένα μεγάλο κενό στην ελληνική βιβλιογραφία, αφού δεν υπάρχει αντίστοιχη σχετική μελέτη. Βασίζεται στην πολυετή ερευνητική και διδακτική εμπειρία στο Τμήμα Μεσογειακών Σπουδών του Πανεπιστημίου Αιγαίου. Απευθύνεται σε προπτυχιακούς και μεταπτυχιακούς φοιτητές αρχαιολογίας, γλωσσολογίας και φιλολογίας, καθώς και σε διδάσκοντες ή επαγγελματίες αρχαιολόγους και γλωσσολόγους που επιθυμούν να κατονήσουν σε βάθος μια από τις σημαντικότερες αρχαίες γλώσσες της νοτιοανατολικής Μεσογείου.Mέσα από πρωτότυπες ιερογλυφικές επιγραφές παρουσιάζονται και αναλύονται θέματα που σχετίζονται με: - την ιστορική και γλωσσολογική εξέλιξη του αιγυπτιακού συστήματος γραφής από τα πρωτόγλυφα της προδυναστικής περιόδου στα ιερογλυφικά της φαραωνικής περιόδου και το κοπτικό αλφάβητο,- την ιστορία της αποκρυπτογράφησης,- τη σχέση των αιγυπτιακών με τις άλλες γλωσσικές υπο-ομάδες της Αφρο-ασιατικής οικογένειας,- τη μορφολογία και χρήση των ιερογλυφικών σημείων (ιδεογραμμάτων, φωνογραμμάτων, ταξογραμμάτων), - τα είδη γραφής (ιερογλυφική, ιερατική, κοπτική), - τις βασικές αρχές και τα ειδοποιά στοιχεία της γλώσσας, - τα συστατικά της βασιλικής και θεϊκής ονοματολογίας, - τις φόρμουλες αναθημάτων και ταφικών προσφορών.Περιλαμβάνονται, επίσης θεματικοί κατάλογοι ιερογλυφικών σημείων με τη μεταγραφή και τη σημασία τους, καθώς και μέθοδος σχεδιασμού και αποτύπωσής τους. Πρωτότυπες διαδραστικές ασκήσεις και εκπαιδευτικά κουίζ συμπληρώνουν τη θεματική της κάθε ενότητας.</subfield>
  </datafield>
  <datafield tag="650" ind1=" " ind2="0">
   <subfield code="a">Egyptian language</subfield>
   <subfield code="x">Writing, Hieroglyphic</subfield>
   <subfield code="8">2953</subfield>
  </datafield>
  <datafield tag="653" ind1=" " ind2=" ">
   <subfield code="a">Αιγυπτιολογία</subfield>
  </datafield>
  <datafield tag="653" ind1=" " ind2=" ">
   <subfield code="a">Γραμματική</subfield>
  </datafield>
  <datafield tag="653" ind1=" " ind2=" ">
   <subfield code="a">Σύνταξη</subfield>
  </datafield>
  <datafield tag="700" ind1=" " ind2=" ">
   <subfield code="a">Σαρίσχουλη, Παναγιώτα</subfield>
   <subfield code="e">Κριτικός αναγνώστης</subfield>
   <subfield code="8">2936</subfield>
  </datafield>
  <datafield tag="856" ind1=" " ind2=" ">
   <subfield code="u">http://hdl.handle.net/11419/6187</subfield>
   <subfield code="z">Πλήρες Κείμενο - Full text</subfield>
  </datafield>
  <datafield tag="907" ind1=" " ind2=" ">
   <subfield code="a">.b25681588</subfield>
   <subfield code="b">25-06-18</subfield>
   <subfield code="c">29-07-16</subfield>
  </datafield>
  <datafield tag="949" ind1=" " ind2=" ">
   <subfield code="0">0</subfield>
   <subfield code="1">0</subfield>
   <subfield code="2">ddc</subfield>
   <subfield code="4">0</subfield>
   <subfield code="6">493_100000000000000_ΚΟΥ</subfield>
   <subfield code="7">0</subfield>
   <subfield code="8">KALL</subfield>
   <subfield code="8">920</subfield>
   <subfield code="d">2016-05-15</subfield>
   <subfield code="r">2016-05-15</subfield>
   <subfield code="w">2016-05-15</subfield>
   <subfield code="z">493.1 ΚΟΥ</subfield>
   <subfield code="o">SEAB KALLIPOS</subfield>
  </datafield>
  <datafield tag="998" ind1=" " ind2=" ">
   <subfield code="a">80</subfield>
   <subfield code="a">01</subfield>
   <subfield code="a">02</subfield>
   <subfield code="a">03</subfield>
   <subfield code="a">04</subfield>
   <subfield code="a">05</subfield>
   <subfield code="a">06</subfield>
   <subfield code="a">07</subfield>
   <subfield code="a">08</subfield>
   <subfield code="a">09</subfield>
   <subfield code="a">10</subfield>
   <subfield code="a">11</subfield>
   <subfield code="a">12</subfield>
   <subfield code="a">13</subfield>
   <subfield code="a">14</subfield>
   <subfield code="a">15</subfield>
   <subfield code="a">16</subfield>
   <subfield code="a">17</subfield>
   <subfield code="a">18</subfield>
   <subfield code="a">19</subfield>
   <subfield code="a">20</subfield>
   <subfield code="a">21</subfield>
   <subfield code="a">22</subfield>
   <subfield code="a">23</subfield>
   <subfield code="a">24</subfield>
   <subfield code="a">25</subfield>
   <subfield code="a">26</subfield>
   <subfield code="b">29-05-17</subfield>
   <subfield code="c">m</subfield>
   <subfield code="d">z  </subfield>
   <subfield code="e">-</subfield>
   <subfield code="f">gre</subfield>
   <subfield code="g">gr </subfield>
   <subfield code="h">0</subfield>
  </datafield>
  <datafield tag="942" ind1=" " ind2=" ">
   <subfield code="2">ddc</subfield>
   <subfield code="c">KALLIPOS</subfield>
  </datafield>
 </record>
</collection>
